|
|
|
|
| LEADER |
00654nab a2200169 i 4500 |
| 001 |
misc7095 |
| 005 |
20191106144257.0 |
| 008 |
170607s1895 hu o 0|| hun d |
| 022 |
|
|
|a 0025-0260
|
| 040 |
|
|
|a SZTE Miscellanea Repozitórium
|b hun
|
| 041 |
|
|
|a hun
|
| 245 |
0 |
0 |
|a Tankönyv ujdonságok [!újdonságok] a Franklin-Társulat kiadásában, Budapesten
|h [elektronikus dokumentum] :
|b [kiadói könyvjegyzék]
|
| 260 |
|
|
|c 1895
|
| 300 |
|
|
|a 368
|
| 490 |
0 |
|
|a Magyar pedagógia : a Magyar Tudományos Akadémia Pedagógiai Bizottságának folyóirata
|v 4
|
| 695 |
|
|
|a Bibliográfia
|
| 856 |
4 |
0 |
|u http://misc.bibl.u-szeged.hu/7095/1/mp_1895_368.pdf
|z Dokumentum-elérés
|